00933 2200325 4500001002100000005001500021035002000036007000300056040001700059100003600076245011200112250001200224300002900236020001800265041000800283082001200291084001800303090002000321264003700341336002100378337003000399338002300429650001500452850001000467008004100477500002000518504002500538990002200563990002200585INLIS00000000000832220260520024001 a0010-0922000811ta aSBPUPADbind0 aCharles Rangga TabbuePengarang1 aPenyakit Ayam Dan Penanggulangannya :bPenyakit Bakterial, Mikal dan Vital Volume 1 /cCharles Rangga Tabbu a.-Cet.6 a415 hlm :bilus ;c21 cm a979-672-798-6 aind a636.089 a636.089 CHA p a813 NAN t 24-12 a.--Yogyakarta :bKanisius,c2000 2rdacontentateks 2rdamediaatanpa perantara 2rdacarrieravolume 4aPeternakan aPUPAD260520 0  aIndeks, 406-415 aBibliografi, hlm 405 a2081/H/ARPUS/2007 a2080/H/ARPUS/2007